| 000 | 00703nam a2200241Ia 4500 | ||
|---|---|---|---|
| 005 | 20260601193221.0 | ||
| 008 | 260601s9999||||xx |||||||||||||| ||und|| | ||
| 020 |
_a978-981-99-7596-9 _qebk |
||
| 100 | _aFeng Wu | ||
| 245 | 0 | _aSocial Media Processing | |
| 250 | _a1st ed. 2024 | ||
| 260 |
_aHeidelberg, Germany _bSpringer Nature _c2024 |
||
| 440 | _aCommunications in Computer and Information Science | ||
| 650 | _aComputer Science | ||
| 700 | _aDaifeng Li | ||
| 700 | _aJiliang Tang | ||
| 700 | _aJing Zhang | ||
| 700 | _aShu Zhao | ||
| 700 | _aXiangnan He | ||
| 700 | _aXuanjing Huang | ||
| 856 | _uhttps://link.springer.com/openurl?genre=book&isbn=978-981-99-7596-9 | ||
| 942 |
_cEB _2ddc |
||
| 999 |
_c55798 _d55798 |
||